000
00284 a2200109 4500
001
77069
082
_a
621.3952 CIL
090
_c
39285
_d
39285
100
_a
Ciletti, Michael D
245
_a
Advanced Digital Design with the Verilog HDL (with CD)
260
_a
New Delhi
_b
PHI
_c
2003
942
_a
NUST-CAE
_k
621.3952 CIL
999
_c
312142
_d
312142